Crecimiento, empleo y las estrategias del sector externo (Registro nro. 24803)

Detalles MARC
000 -LEADER
fixed length control field 00338 a2200109 4500
001 - CONTROL NUMBER
control field ART_10891
005 - DATE AND TIME OF LATEST TRANSACTION
control field 20260410161849.0
008 - FIXED-LENGTH DATA ELEMENTS--GENERAL INFORMATION
fixed length control field 260409a
100 1# - MAIN ENTRY--PERSONAL NAME
Personal name Montuschi, Luisa
245 10 - TITLE STATEMENT
Title Crecimiento, empleo y las estrategias del sector externo
773 0# - HOST ITEM ENTRY
Title Económica
Related parts - Año XXVI, Nº 3 (sep./dic. 1980)
Record control number REV7541

No hay ítems disponibles.